[Event "GRE-chT 43rd"]
[Site "Porto Rio"]
[Date "2015.10.12"]
[Round "7.9"]
[White "Spyropoulos, Georgios"]
[Black "Pavlidis, Anastasios"]
[Result "0-1"]
[WhiteElo "2152"]
[BlackElo "2376"]
[PlyCount "136"]
[EventDate "2015.10.08"]
[EventType "team-swiss"]
[EventRounds "7"]
[EventCountry "GRE"]
[SourceTitle "CBM 168 Extra"]
[Source "ChessBase"]
[SourceDate "2015.10.29"]
[SourceVersion "1"]
[SourceVersionDate "2015.10.29"]
[SourceQuality "1"]
[WhiteTeam "Patron"]
[BlackTeam "Chania Kydon"]
[WhiteTeamCountry "GRE"]
[BlackTeamCountry "GRE"]

1. e4 g6 2. Nf3 Bg7 3. Nc3 d6 4. Bc4 Nf6 5. Qe2 0-0 6. d4 c6 7. 0-0 d5 8. Bd3 dxe4 9. Nxe4 Nxe4 10. Bxe4 Bg4 11. Rd1 Qc7 12. h3 Bxf3 13. Bxf3 Re8 14. c4 Nd7 15. Qc2 Rad8 16. Be3 Nb6 17. Rac1 Nc8 18. b4 Nd6 19. d5 Nf5 20. Qe4 Nxe3 21. Qxe3 cxd5 22. Rxd5 b6 23. c5 e6 24. Rxd8 Rxd8 25. cxb6 Qxb6 26. Qxb6 axb6 27. a4 Rd2 28. Rc8+ Bf8 29. Rb8 Rd4 30. Rxb6 Bxb4 31. Kf1 Ba5 32. Rb8+ Kg7 33. Bc6 Rc4 34. Bb5 Rc2 35. Rb7 Rb2 36. Bc6 Bb6 37. f4 Rf2+ 38. Ke1 Bd4 39. Bf3 Ra2 40. Bc6 Bf2+ 41. Kd1 Kf8 42. Kc1 Be3+ 43. Kb1 Rf2 44. Bf3 Bxf4 45. a5 Rf1+ 46. Ka2 Be5 47. Kb3 Rb1+ 48. Kc4 Rxb7 49. Bxb7 Ke7 50. Bc6 Bg3 51. Kb5 f5 52. Kc4 e5 53. Kd5 Kf6 54. a6 Bf2 55. Ba4 e4 56. Bc2 Ba7 57. Bxe4 fxe4 58. Kxe4 Kg5 59. g3 h5 60. Ke5 Bb6 61. Ke6 Bf2 62. Kf7 Kf5 63. Kg7 Be3 64. Kf7 g5 65. Kg7 g4 66. h4 Ke4 67. Kg6 Kf3 68. Kxh5 Kxg3 0-1

[Event "GRE-chT 43rd"]
[Site "Porto Rio"]
[Date "2015.10.10"]
[Round "5.12"]
[White "Lekic, Dusan"]
[Black "Spyropoulos, Georgios"]
[Result "1/2-1/2"]
[WhiteElo "2354"]
[BlackElo "2152"]
[PlyCount "74"]
[EventDate "2015.10.08"]
[EventType "team-swiss"]
[EventRounds "7"]
[EventCountry "GRE"]
[SourceTitle "CBM 168 Extra"]
[Source "ChessBase"]
[SourceDate "2015.10.29"]
[SourceVersion "1"]
[SourceVersionDate "2015.10.29"]
[SourceQuality "1"]
[WhiteTeam "Aigaleo"]
[BlackTeam "Patron"]
[WhiteTeamCountry "GRE"]
[BlackTeamCountry "GRE"]

1. c4 c6 2. g3 d5 3. Nf3 Nf6 4. Bg2 Nbd7 5. d4 e6 6. Nbd2 Be7 7. 0-0 0-0 8. Qc2 b6 9. e4 Nxe4 10. Nxe4 dxe4 11. Qxe4 Bb7 12. Bf4 Nf6 13. Qe2 c5 14. Rad1 cxd4 15. Nxd4 Qc8 16. b3 Bxg2 17. Kxg2 Qb7+ 18. Qf3 Qxf3+ 19. Kxf3 Rfc8 20. Rd2 Bb4 21. Rd3 h6 22. h4 Bc5 23. Rfd1 a6 24. a4 Re8 25. Nc6 e5 26. Bxe5 Re6 27. Rd8+ Rxd8 28. Rxd8+ Kh7 29. Rc8 Nd7 30. Bf4 g5 31. hxg5 hxg5 32. Bb8 Rxc6 33. Rxc6 Nxb8 34. Rc7 a5 35. Rxf7+ Kg6 36. Rc7 Kf5 37. g4+ Ke5 1/2-1/2

[Event "GRE-chT 43rd"]
[Site "Porto Rio"]
[Date "2015.10.08"]
[Round "1.4"]
[White "Kempinski, Robert"]
[Black "Spyropoulos, Georgios"]
[Result "1-0"]
[WhiteElo "2630"]
[BlackElo "2152"]
[PlyCount "137"]
[EventDate "2015.10.08"]
[EventType "team-swiss"]
[EventRounds "7"]
[EventCountry "GRE"]
[SourceTitle "CBM 168 Extra"]
[Source "ChessBase"]
[SourceDate "2015.10.29"]
[SourceVersion "1"]
[SourceVersionDate "2015.10.29"]
[SourceQuality "1"]
[WhiteTeam "Nice Fysiolatris"]
[BlackTeam "Patron"]
[WhiteTeamCountry "GRE"]
[BlackTeamCountry "GRE"]

1. d4 d5 2. c4 e6 3. Nf3 Nf6 4. e3 Nbd7 5. b3 Ne4 6. Bd3 f5 7. 0-0 Bd6 8. c5 Be7 9. Qc2 c6 10. b4 0-0 11. Bb2 Qe8 12. Ne5 Rf6 13. f3 Ng5 14. Nd2 Nxe5 15. dxe5 Rh6 16. f4 Nf7 17. Nf3 Bd7 18. Nd4 g5 19. a4 Rc8 20. Rac1 Rg6 21. Ba3 a6 22. b5 cxb5 23. axb5 axb5 24. Qb2 gxf4 25. exf4 Nd8 26. Nxb5 Bxb5 27. Bxb5 Qf8 28. Qf2 Ra8 29. Bb4 b6 30. Kh1 bxc5 31. Bxc5 Bxc5 32. Rxc5 Ra2 33. Qxa2 Qxc5 34. Qa8 Qc7 35. Be2 Kh8 36. Qa3 Rg8 37. Rc1 Qg7 38. Bf3 Qd7 39. Qa6 Nf7 40. h3 Nd8 41. Qb6 Qb7 42. Qd6 Qb2 43. Rd1 Qb7 44. Rg1 Qa7 45. Qb4 Nc6 46. Qc3 Ne7 47. Bh5 d4 48. Qa1 Qxa1 49. Rxa1 Nd5 50. Bf7 Rf8 51. Bxe6 Nxf4 52. Bd7 Kg7 53. Rd1 d3 54. Kh2 Rd8 55. Bxf5 Rd5 56. Kg3 Ne2+ 57. Kf2 Rxe5 58. Bxd3 Nf4 59. Bb1 Nd5 60. Rd4 Ne7 61. Be4 Nf5 62. Rd7+ Ne7 63. Kf3 Re6 64. Kf4 h6 65. h4 Kf6 66. g4 Ra6 67. Rb7 Ng6+ 68. Bxg6 Kxg6 69. h5+ 1-0

[Event "GRE-chT 42nd"]
[Site "Porto Rio"]
[Date "2014.06.29"]
[Round "2.3"]
[White "Malikentzos, Sotirios"]
[Black "Spyropoulos, Georgios"]
[Result "1-0"]
[WhiteElo "2352"]
[BlackElo "2173"]
[PlyCount "113"]
[EventDate "2014.06.28"]
[EventType "team-swiss"]
[EventRounds "7"]
[EventCountry "GRE"]
[SourceTitle "CBM 161 Extra"]
[Source "ChessBase"]
[SourceDate "2014.08.29"]
[SourceVersion "1"]
[SourceVersionDate "2014.08.29"]
[SourceQuality "1"]
[WhiteTeam "Thessaloniki Interior"]
[BlackTeam "Patron CN"]
[WhiteTeamCountry "GRE"]
[BlackTeamCountry "GRE"]

1. d4 d5 2. Nf3 Nf6 3. c4 e6 4. g3 Nbd7 5. Bg2 c6 6. 0-0 Be7 7. Bf4 dxc4 8. Ne5 Nd5 9. Nxc4 Nxf4 10. gxf4 Qc7 11. e3 0-0 12. Nc3 Nb6 13. Ne5 f6 14. Nd3 Bd7 15. Rc1 Rad8 16. Qh5 Be8 17. Qh3 Qc8 18. Be4 f5 19. Bg2 Rf6 20. Qf3 Rh6 21. Qe2 Bf6 22. Kh1 Qc7 23. Nc5 Qe7 24. Rg1 Nd5 25. Nxd5 exd5 26. Bf3 Bf7 27. Rg2 Kh8 28. Qc2 Rh3 29. Rg3 Rxg3 30. hxg3 Be6 31. Kg2 Bc8 32. a4 a5 33. Qd2 b6 34. Nd3 Bb7 35. Qc2 Qc7 36. Qb3 g6 37. Kg1 Ba6 38. Ne5 Bxe5 39. fxe5 Qb7 40. Qc3 Rc8 41. Qa3 Rd8 42. b4 Qe7 43. Rxc6 axb4 44. Qb2 Bc4 45. Rxb6 b3 46. Bd1 Qa7 47. Rb4 Qe7 48. Qc3 h5 49. Bxb3 Be2 50. Qc5 Qg5 51. Rb7 Ba6 52. Qe7 Qxe7 53. Rxe7 Rc8 54. Bxd5 Rc1+ 55. Kg2 Bf1+ 56. Kh2 Rc2 57. e6 1-0

[Event "GRE-chT 41st"]
[Site "Achaia"]
[Date "2013.07.07"]
[Round "7.3"]
[White "Spyropoulos, Georgios"]
[Black "Simeonidis, Ioannis"]
[Result "1/2-1/2"]
[WhiteElo "2167"]
[BlackElo "2238"]
[PlyCount "60"]
[EventDate "2013.07.02"]
[EventType "team-swiss"]
[EventRounds "7"]
[EventCountry "GRE"]
[SourceTitle "CBM 155 Extra"]
[Source "ChessBase"]
[SourceDate "2013.08.26"]
[SourceVersion "1"]
[SourceVersionDate "2013.08.26"]
[SourceQuality "1"]
[WhiteTeam "Patron CN"]
[BlackTeam "Florinas OP"]
[WhiteTeamCountry "GRE"]
[BlackTeamCountry "GRE"]

1. e4 e5 2. Nf3 Nc6 3. Bb5 Nf6 4. 0-0 Nxe4 5. d4 Nd6 6. Bxc6 dxc6 7. dxe5 Nf5 8. Qe2 Nd4 9. Nxd4 Qxd4 10. Rd1 Bg4 11. Rxd4 Bxe2 12. Nc3 Bh5 13. Bg5 h6 14. Bh4 g5 15. Ne4 Be7 16. Bg3 Rd8 17. Rxd8+ Kxd8 18. f3 Kc8 19. Re1 Re8 20. Nf6 Bxf6 21. exf6 Rxe1+ 22. Bxe1 Kd7 23. f4 Ke6 24. fxg5 hxg5 25. Bg3 Kxf6 26. Kf2 Bg6 27. c3 Ke6 28. Bxc7 Bb1 29. a3 f6 30. Ke3 Ba2 1/2-1/2

[Event "GRE-chT 40th"]
[Site "Achaia"]
[Date "2012.07.01"]
[Round "3.7"]
[White "Voiska, Margarita"]
[Black "Spyropoulos, Georgios"]
[Result "1-0"]
[WhiteElo "2301"]
[BlackElo "2172"]
[PlyCount "69"]
[EventDate "2012.06.30"]
[EventType "team-swiss"]
[EventRounds "7"]
[EventCountry "GRE"]
[SourceTitle "CBM 149 Extra"]
[Source "ChessBase"]
[SourceDate "2012.08.24"]
[SourceVersion "1"]
[SourceVersionDate "2012.08.24"]
[SourceQuality "1"]
[WhiteTeam "Peiraikos"]
[BlackTeam "Patron"]
[WhiteTeamCountry "GRE"]
[BlackTeamCountry "GRE"]

1. d4 d5 2. c4 c6 3. e3 Nf6 4. Nf3 e6 5. Nbd2 Nbd7 6. Bd3 Bd6 7. 0-0 0-0 8. e4 dxe4 9. Nxe4 Nxe4 10. Bxe4 h6 11. Bc2 Nf6 12. c5 Bc7 13. Qd3 Qd5 14. Re1 Rd8 15. Bd2 Qf5 16. Qc3 Qh5 17. Ne5 Qh4 18. f4 Nd5 19. Qf3 Bxe5 20. dxe5 b6 21. Be3 Rb8 22. cxb6 axb6 23. Rad1 c5 24. Bf2 Qe7 25. Qg4 Qf8 26. Bh4 Bb7 27. Bxd8 Rxd8 28. f5 exf5 29. Qxf5 g6 30. Qf2 Qe7 31. e6 f5 32. Qg3 Kh7 33. Qe5 Qg5 34. Rd3 Nf4 35. Qc7+ 1-0

[Event "GRE-chT 40th"]
[Site "Achaia"]
[Date "2012.06.30"]
[Round "1.3"]
[White "Kotronias, Vasilios"]
[Black "Spyropoulos, Georgios"]
[Result "1-0"]
[WhiteElo "2595"]
[BlackElo "2172"]
[PlyCount "67"]
[EventDate "2012.06.30"]
[EventType "team-swiss"]
[EventRounds "7"]
[EventCountry "GRE"]
[SourceTitle "CBM 149 Extra"]
[Source "ChessBase"]
[SourceDate "2012.08.24"]
[SourceVersion "1"]
[SourceVersionDate "2012.08.24"]
[SourceQuality "1"]
[WhiteTeam "Corinth Argonaftis REC"]
[BlackTeam "Patron"]
[WhiteTeamCountry "GRE"]
[BlackTeamCountry "GRE"]

1. e4 c5 2. Nc3 Nc6 3. Nf3 g6 4. Bb5 Bg7 5. 0-0 Nf6 6. Re1 0-0 7. e5 Ng4 8. Bxc6 dxc6 9. d3 Nh6 10. h3 Nf5 11. Bf4 Be6 12. Ne4 b6 13. c3 Bh6 14. Qd2 Bxf4 15. Qxf4 Kg7 16. d4 c4 17. g4 Nh6 18. Nfg5 Bd5 19. Ng3 a5 20. Re2 Ra7 21. Kh2 Qc8 22. Rae1 Rb7 23. f3 b5 24. N3e4 b4 25. Nf6 Rh8 26. Rg2 Qd8 27. Nh5+ Kf8 28. e6 f5 29. Re5 Qd6 30. Ne4 Bxe4 31. Qxh6+ Ke8 32. Ng7+ Kd8 33. fxe4 Rb5 34. Nxf5 1-0

[Event "GRE-chT 39th"]
[Site "Eretria"]
[Date "2011.07.03"]
[Round "1.12"]
[White "Spyropoulos, Georgios"]
[Black "Zygouris, Hristos"]
[Result "1-0"]
[WhiteElo "2169"]
[BlackElo "2240"]
[PlyCount "57"]
[EventDate "2011.07.03"]
[EventType "team-swiss"]
[EventRounds "7"]
[EventCountry "GRE"]
[SourceTitle "CBM 143 Extra"]
[Source "ChessBase"]
[SourceDate "2011.08.29"]
[SourceVersion "1"]
[SourceVersionDate "2011.08.29"]
[SourceQuality "1"]
[WhiteTeam "Patron"]
[BlackTeam "Amfissa Chess Union"]
[WhiteTeamCountry "GRE"]
[BlackTeamCountry "GRE"]

1. e4 c5 2. Nf3 e6 3. c3 Nf6 4. Bd3 Nc6 5. Bc2 Qc7 6. 0-0 Be7 7. Re1 d6 8. d4 cxd4 9. cxd4 Nb4 10. Ba4+ Bd7 11. a3 b5 12. Bb3 Nc6 13. Nc3 b4 14. axb4 Nxb4 15. e5 Nfd5 16. Nxd5 Nxd5 17. Bg5 dxe5 18. Bxd5 exd5 19. Bxe7 Kxe7 20. Nxe5 Be6 21. Nxf7 Kxf7 22. Qf3+ Ke7 23. Ra6 Qc8 24. Qe2 Kf7 25. Rxe6 Rf8 26. Qe5 Kg8 27. Re7 Qg4 28. Qxd5+ Kh8 29. Qxa8 1-0

[Event "GRE CupT"]
[Site "Vrachati"]
[Date "2011.06.12"]
[Round "1"]
[White "Spyropoulos, Georgios"]
[Black "Tzermiadianos, Andreas"]
[Result "1/2-1/2"]
[WhiteElo "2167"]
[BlackElo "2439"]
[PlyCount "46"]
[EventDate "2011.06.12"]
[EventType "match"]
[EventRounds "1"]
[EventCountry "GRE"]
[SourceTitle "EXT 2012"]
[Source "ChessBase"]
[SourceDate "2011.11.24"]
[SourceVersion "1"]
[SourceVersionDate "2011.11.24"]
[SourceQuality "1"]

1. e4 d5 2. exd5 Qxd5 3. d4 Nc6 4. Nf3 Bg4 5. Be2 0-0-0 6. Be3 Nf6 7. 0-0 Qf5 8. Nbd2 Bxf3 9. Nxf3 e5 10. c3 exd4 11. Bxd4 Bd6 12. Qa4 Nxd4 13. Nxd4 Qe5 14. g3 c5 15. Ba6 Rd7 16. Rfe1 Qd5 17. Bc4 Qh5 18. Nb5 Ng4 19. Nxd6+ Rxd6 20. Re8+ Rxe8 21. Qxe8+ Kc7 22. Qxf7+ Qxf7 23. Bxf7 Nxf2 1/2-1/2

[Event "Patra Achaios"]
[Site "Patra"]
[Date "2009.02.06"]
[Round "1"]
[White "Kanellopoulos, Panayotis"]
[Black "Spyropoulos, Georgios"]
[Result "1/2-1/2"]
[WhiteElo "2267"]
[BlackElo "2193"]
[PlyCount "174"]
[EventDate "2009.02.06"]
[EventType "tourn"]
[EventRounds "5"]
[EventCountry "GRE"]
[SourceTitle "EXT 2024"]
[Source "ChessBase"]
[SourceDate "2023.10.10"]
[SourceVersion "1"]
[SourceVersionDate "2023.10.10"]
[SourceQuality "1"]

1. c4 c6 2. g3 d5 3. Nf3 Nf6 4. Bg2 Bg4 5. Ne5 dxc4 6. Nxg4 Nxg4 7. Qc2 Qd4 8. 0-0 Nd7 9. a4 e6 10. Na3 Nde5 11. Rb1 Bc5 12. b4 cxb3 13. Qxb3 0-0 14. e3 Qd3 15. f4 Qxb3 16. Rxb3 Ng6 17. Rxb7 Rfd8 18. Nc4 Rab8 19. Na5 Ne7 20. d4 Bb4 21. Rxa7 Rdc8 22. Rxe7 Bxe7 23. Nxc6 Rb7 24. a5 Rbc7 25. Nxe7+ Rxe7 26. h3 Nf6 27. Bd2 Ra7 28. Rb1 h5 29. Rb2 Nd5 30. Bxd5 exd5 31. Kf2 Raa8 32. Kf3 Rab8 33. Ra2 Rc6 34. a6 Ra8 35. Ra5 Raxa6 36. Rxd5 Rc2 37. Bb4 h4 38. gxh4 Kh7 39. Rg5 f6 40. Rg1 Raa2 41. Rd1 f5 42. Be1 Rh2 43. d5 Rh1 44. Rd2 Rxd2 45. Bxd2 Kg6 46. Ke2 Kf7 47. Kd3 g6 48. Ba5 Rd1+ 49. Kc4 Ke7 50. Bb4+ Kd7 51. Bc3 Rb1 52. Bg7 Rd1 53. Kc5 Rd3 54. Bd4 Rd1 55. d6 Rh1 56. Kd5 Rxh3 57. Ke5 Rxh4 58. Kf6 Rg4 59. Ke5 Rg1 60. Bc5 Rc1 61. Kd5 Ra1 62. Bb4 Ra6 63. Ke5 Rb6 64. Ba3 Rb3 65. Bc5 Rc3 66. Kd5 Rc1 67. Ba3 Ra1 68. Bb4 Ra4 69. Bc3 Ra6 70. Bb4 Rb6 71. Bc5 Rb5 72. Kc4 Kc6 73. Ba3 Rb1 74. Bb4 Rd1 75. Ba3 Re1 76. Kd3 Ra1 77. Bb4 Ra2 78. Kc4 Re2 79. Kd4 Rb2 80. Kc3 Rb1 81. Kc4 Rd1 82. Ba3 Re1 83. Kd4 Ra1 84. Bb4 Kb5 85. Bc3 Rc1 86. Bb2 Rd1+ 87. Ke5 Kc6 1/2-1/2

[Event "Ambelokipi op 87th"]
[Site "Athens"]
[Date "2008.05.24"]
[Round "5"]
[White "Delithanasis, Dimitrios"]
[Black "Spyropoulos, Georgios"]
[Result "0-1"]
[WhiteElo "2187"]
[BlackElo "2179"]
[PlyCount "70"]
[EventDate "2008.05.10"]
[EventType "swiss"]
[EventRounds "7"]
[EventCountry "GRE"]
[SourceTitle "EXT 2010"]
[Source "ChessBase"]
[SourceDate "2010.11.25"]
[SourceVersion "1"]
[SourceVersionDate "2010.11.25"]
[SourceQuality "1"]

1. Nf3 c5 2. c4 g6 3. Nc3 Bg7 4. g3 Nc6 5. Bg2 d6 6. 0-0 Bg4 7. h3 Bxf3 8. Bxf3 Qd7 9. Bg2 f5 10. d3 Nf6 11. Bd2 h5 12. Bg5 Nh7 13. Bd2 h4 14. gxh4 Bf6 15. Nd5 Bxh4 16. Bc3 Rg8 17. Qa4 Kf7 18. b4 g5 19. bxc5 g4 20. Kh1 dxc5 21. Rab1 Ng5 22. hxg4 Rg6 23. f4 Nh7 24. g5 Rag8 25. Bf3 Kf8 26. Bh5 Rd6 27. Rg1 Bxg5 28. fxg5 Nxg5 29. Rg2 Rh6 30. Rh2 Qd6 31. Rh4 Nf3 32. Bd2 Rxh5 33. Rxh5 Qg6 34. Bh6+ Kf7 35. Nf4 Qg1+ 0-1

[Event "Ambelokipi op 87th"]
[Site "Athens"]
[Date "2008.05.17"]
[Round "3"]
[White "Michailidis, Dimitrios"]
[Black "Spyropoulos, Georgios"]
[Result "0-1"]
[WhiteElo "1929"]
[BlackElo "2179"]
[PlyCount "120"]
[EventDate "2008.05.10"]
[EventType "swiss"]
[EventRounds "7"]
[EventCountry "GRE"]
[SourceTitle "EXT 2010"]
[Source "ChessBase"]
[SourceDate "2010.11.25"]
[SourceVersion "1"]
[SourceVersionDate "2010.11.25"]
[SourceQuality "1"]

1. e4 c5 2. d4 cxd4 3. c3 dxc3 4. Nxc3 Nc6 5. Nf3 d6 6. Ng5 Nf6 7. Bc4 e6 8. 0-0 h6 9. Nf3 Be7 10. Bf4 0-0 11. Qe2 e5 12. Be3 Bg4 13. Rfd1 a6 14. Rac1 Rc8 15. a4 Qa5 16. h3 Bh5 17. g4 Bg6 18. Bd2 Qb6 19. Be3 Qb4 20. Bd2 Qb6 21. Be3 Qd8 22. Bd3 Na5 23. Nd2 h5 24. g5 Nd7 25. h4 Nc6 26. Nd5 f6 27. Nc4 fxg5 28. Nxe7+ Qxe7 29. Nxd6 gxh4 30. Bc4+ Kh8 31. Nxc8 Rxc8 32. Bd5 h3 33. f3 Ndb8 34. Qf2 Rf8 35. Qg3 Qf6 36. Rf1 Bf7 37. Qxh3 Qg6+ 38. Kh2 Bxd5 39. exd5 Ne7 40. Rg1 Qf7 41. Bc5 Rd8 42. Rg5 Qf4+ 43. Qg3 Qd2+ 44. Kh3 Qxc1 45. Rxh5+ Kg8 46. Bxe7 Qf1+ 47. Kh4 Qc4+ 48. Qg4 Qxg4+ 49. Kxg4 Rxd5 50. Kg3 Nc6 51. Ba3 Rd4 52. Rh4 Rd3 53. Re4 Kf7 54. Kf2 Kf6 55. Ke2 Rb3 56. Kf2 Nd4 57. Kg2 Nxf3 58. Rb4 Rxb4 59. Bxb4 Nd4 60. Bc3 Kf5 0-1

[Event "Patron CC-ch"]
[Site "Greece"]
[Date "2008.01.07"]
[Round "7"]
[White "Spyropoulos, Georgios"]
[Black "Stoumbos, Konstantinos"]
[Result "1-0"]
[WhiteElo "2178"]
[BlackElo "2153"]
[PlyCount "93"]
[EventDate "2008.01.02"]
[EventType "swiss"]
[EventRounds "7"]
[EventCountry "GRE"]
[SourceTitle "EXT 2010"]
[Source "ChessBase"]
[SourceDate "2010.11.25"]
[SourceVersion "1"]
[SourceVersionDate "2010.11.25"]
[SourceQuality "1"]

1. e4 c6 2. Nf3 d5 3. exd5 cxd5 4. Ne5 a6 5. d4 Be6 6. Bd3 Nd7 7. f4 Nh6 8. 0-0 g6 9. Nd2 Bg7 10. Qe1 0-0 11. Ndf3 Bf5 12. Bxf5 Nxf5 13. c3 Nf6 14. Ng5 Qc8 15. g4 Nd6 16. Qh4 h6 17. Ngf3 Nfe4 18. f5 g5 19. Qh3 b5 20. Qg2 Bf6 21. h4 Kg7 22. Be3 a5 23. Rac1 Qb7 24. Nd3 Nc4 25. Rce1 b4 26. Qh2 bxc3 27. bxc3 Qb8 28. Nde5 Ncd6 29. Nd7 Qc7 30. Nxf8 Rxf8 31. Rc1 Rb8 32. Rc2 Qb7 33. Re1 Nc4 34. Bc1 Qa7 35. Kh1 a4 36. Ne5 Rc8 37. Nxc4 Rxc4 38. Re3 gxh4 39. Qf4 Kg8 40. Rxe4 dxe4 41. Qxh6 Bxd4 42. g5 Qa8 43. g6 Bg7 44. Qh7+ Kf8 45. Bh6 e3+ 46. Rg2 Qf3 47. Qh8# 1-0

[Event "GRE-chT 35th"]
[Site "Ermioni Argolidas"]
[Date "2006.07.10"]
[Round "9"]
[White "Manolaraki, Yvonni"]
[Black "Spyropoulos, Georgios"]
[Result "1-0"]
[WhiteElo "2118"]
[BlackElo "2098"]
[PlyCount "101"]
[EventDate "2006.07.03"]
[EventType "team"]
[EventRounds "9"]
[EventCountry "GRE"]
[SourceTitle "CBM 113 Extra"]
[Source "ChessBase"]
[SourceDate "2006.09.14"]
[SourceVersion "1"]
[SourceVersionDate "2006.09.14"]
[SourceQuality "1"]

1. e4 c5 2. Nf3 d6 3. d4 cxd4 4. Nxd4 Nf6 5. Nc3 a6 6. Bg5 e6 7. f4 Nbd7 8. Qf3 Qc7 9. 0-0-0 Be7 10. g4 h6 11. Bxf6 Nxf6 12. Bg2 Rb8 13. h4 b5 14. g5 Nd7 15. g6 0-0 16. gxf7+ Rxf7 17. Nxe6 Qc4 18. Nd4 Bb7 19. Bh3 Nc5 20. Rhg1 b4 21. Bf1 Nd3+ 22. Qxd3 Qxd3 23. cxd3 bxc3 24. bxc3 Rc8 25. Nf5 Rxf5 26. exf5 Rxc3+ 27. Kd2 Ra3 28. Rb1 Rxa2+ 29. Ke3 Bc6 30. Rb8+ Kf7 31. Be2 Bf6 32. Bh5+ Ke7 33. Rc1 Bd7 34. Rc7 g6 35. Bxg6 d5 36. Rbb7 d4+ 37. Kf3 Kd6 38. Rxd7+ Kc5 39. Rdc7+ Kd6 40. Be8 Bxh4 41. Rd7+ Kc5 42. Rbc7+ Kb6 43. Ke4 Re2+ 44. Kd5 Rxe8 45. Rc6+ Kb5 46. Rb7+ Ka5 47. Rc1 Rd8+ 48. Ke4 Re8+ 49. Kf3 Re1 50. Rxe1 Bxe1 51. f6 1-0

[Event "GRE-ch U20"]
[Site "Athens"]
[Date "2006.01.09"]
[Round "9.2"]
[White "Georgiadis, Ioannis"]
[Black "Spyropoulos, Georgios"]
[Result "1/2-1/2"]
[WhiteElo "2236"]
[BlackElo "2052"]
[PlyCount "88"]
[EventDate "2006.01.03"]
[EventType "swiss"]
[EventRounds "9"]
[EventCountry "GRE"]
[SourceTitle "EXT 2024"]
[Source "ChessBase"]
[SourceDate "2023.10.10"]
[SourceVersion "1"]
[SourceVersionDate "2023.10.10"]
[SourceQuality "1"]

1. e4 c5 2. c3 e6 3. d4 d5 4. exd5 exd5 5. Nf3 Nc6 6. Bb5 Bd6 7. dxc5 Bxc5 8. 0-0 Nf6 9. Bg5 Be6 10. Nbd2 0-0 11. Nb3 Bb6 12. Re1 Qd6 13. Bxf6 gxf6 14. Nfd4 Ne5 15. Qh5 Kh8 16. Qh4 Bd8 17. Nxe6 fxe6 18. Qh3 Bb6 19. Nd4 f5 20. Re2 Rf6 21. Rae1 Bxd4 22. cxd4 Ng6 23. Qa3 Qxa3 24. bxa3 Rc8 25. Bd7 Rc4 26. Rxe6 Kg7 27. Rd1 Rc2 28. Ra1 Rd2 29. Kf1 Rxd4 30. Re3 f4 31. Rb3 b6 32. Rc3 Ne5 33. Bb5 f3 34. Re1 fxg2+ 35. Kxg2 Ng6 36. Rg3 Rd2 37. Re2 Rxe2 38. Bxe2 Kf7 39. Bh5 Ke6 40. Re3+ Ne5 41. Be2 Kd6 42. Kf1 Nc4 43. Rh3 h6 44. Ke1 Kc5 1/2-1/2

[Event "GRE-ch U20"]
[Site "Athens"]
[Date "2006.01.06"]
[Round "5.4"]
[White "Spyropoulos, Georgios"]
[Black "Pavlidis, Anastasios"]
[Result "1/2-1/2"]
[WhiteElo "2052"]
[BlackElo "2136"]
[PlyCount "77"]
[EventDate "2006.01.03"]
[EventType "swiss"]
[EventRounds "9"]
[EventCountry "GRE"]
[SourceTitle "EXT 2024"]
[Source "ChessBase"]
[SourceDate "2023.10.10"]
[SourceVersion "1"]
[SourceVersionDate "2023.10.10"]
[SourceQuality "1"]

1. e4 c5 2. Nf3 d6 3. d4 cxd4 4. Nxd4 Nf6 5. Nc3 g6 6. Bg5 Bg7 7. Bb5+ Bd7 8. Qe2 0-0 9. 0-0-0 a6 10. Bxd7 Nbxd7 11. h4 h5 12. f4 Rc8 13. Rh3 b5 14. e5 b4 15. exf6 exf6 16. Nd5 Re8 17. Re3 Rxe3 18. Qxe3 Qe8 19. Ne7+ Kh7 20. Re1 Rc4 21. Nf3 Nc5 22. Nd2 Qb5 23. Nxc4 Qxc4 24. b3 Qb5 25. Bxf6 Bxf6 26. Nd5 Bg7 27. Qe8 Nxb3+ 28. axb3 Qxd5 29. Qe4 Qa5 30. Kd1 Qb5 31. g4 Bc3 32. Rh1 Qc5 33. f5 hxg4 34. fxg6+ fxg6 35. Rf1 g3 36. Rf7+ Bg7 37. Ke2 g2 38. Kf3 g1Q 39. Rxg7+ 1/2-1/2

[Event "GRE-ch U20"]
[Site "Athens"]
[Date "2006.01.06"]
[Round "6.5"]
[White "Tzouganakis, Panteleimon"]
[Black "Spyropoulos, Georgios"]
[Result "0-1"]
[WhiteElo "1833"]
[BlackElo "2052"]
[PlyCount "108"]
[EventDate "2006.01.03"]
[EventType "swiss"]
[EventRounds "9"]
[EventCountry "GRE"]
[SourceTitle "EXT 2024"]
[Source "ChessBase"]
[SourceDate "2023.10.10"]
[SourceVersion "1"]
[SourceVersionDate "2023.10.10"]
[SourceQuality "1"]

1. e4 c5 2. Nf3 d6 3. d4 cxd4 4. Nxd4 Nf6 5. Nc3 a6 6. Be2 e5 7. Nb3 Be6 8. Bg5 Nbd7 9. Nd2 Rc8 10. 0-0 Be7 11. f4 exf4 12. Bxf4 Qb6+ 13. Kh1 Qxb2 14. Na4 Qxc2 15. Rc1 Qxc1 16. Qxc1 Rxc1 17. Rxc1 Nc5 18. Nxc5 dxc5 19. Kg1 Bxa2 20. Kf2 0-0 21. Kf3 Be6 22. h3 Rc8 23. Bc4 Bxc4 24. Nxc4 b5 25. Nd6 Bxd6 26. Bxd6 c4 27. Bb4 Nd7 28. Ra1 Ne5+ 29. Ke3 Nd3 30. Ba5 f6 31. Bd2 Nc5 32. Bb4 Nb3 33. Ra2 a5 34. Be1 b4 35. Rb2 a4 36. Bxb4 Kf7 37. g4 Rd8 38. Ra2 Rd3+ 39. Kf2 c3 40. Rxa4 c2 41. Ra7+ Ke8 42. Ra8+ Rd8 43. Rxd8+ Kxd8 44. Ba3 c1Q 45. Bxc1 Nxc1 46. Ke3 Ke7 47. h4 Ke6 48. Kf4 Nd3+ 49. Ke3 Ne5 50. g5 fxg5 51. hxg5 Nf7 52. Kf4 Nxg5 53. Kxg5 Ke5 54. Kh5 Kxe4 0-1

[Event "Nikaia op 13th"]
[Site "Nikaia"]
[Date "2005.08.27"]
[Round "6"]
[White "Spyropoulos, Georgios"]
[Black "Aggelis, Nikolaos"]
[Result "0-1"]
[WhiteElo "2086"]
[BlackElo "1953"]
[PlyCount "60"]
[EventDate "2005.08.23"]
[EventType "swiss"]
[EventRounds "9"]
[EventCountry "GRE"]
[SourceTitle "CBM 108 Extra"]
[Source "ChessBase"]
[SourceDate "2005.11.04"]
[SourceVersion "1"]
[SourceVersionDate "2005.11.04"]
[SourceQuality "1"]

1. e4 e5 2. Nf3 Nc6 3. Bb5 a6 4. Ba4 Nf6 5. 0-0 Be7 6. Re1 b5 7. Bb3 0-0 8. c3 d5 9. exd5 Nxd5 10. Nxe5 Nxe5 11. Rxe5 c6 12. d4 Bd6 13. Re1 Qh4 14. g3 Qh3 15. Qf3 Bg4 16. Qg2 Qh5 17. Nd2 Rfe8 18. Rxe8+ Rxe8 19. f3 Re1+ 20. Kf2 Bh3 21. Qxh3 Qxh3 22. Kxe1 Qxh2 23. Bxd5 Qxg3+ 24. Kd1 cxd5 25. a4 h5 26. axb5 axb5 27. Ra8+ Kh7 28. Re8 h4 29. Re1 h3 30. Nf1 Qxf3+ 0-1